• 首页
  • 本馆介绍
  • 公告通知
  • 最新文献
  • 馆藏检索
  • 电子资源
  • 读者导购
  • 参考咨询
  • 我的图书馆
  • 登录
  • 详细信息显示
  • 放入我的书架
  • 预约/预借图书
  • 作者相关作品
  • 分类相关作品
  • 丛书相关作品
  • 出版社相关作品

书目信息

  • 表格格式
  • 工作单格式
  • 卡片格式
题名:
规模化畜禽养殖废弃物处理技术
    
 
作者: 陈彪 著
分册:  
出版信息: 福州   福建科学技术出版社  2021.4
页数: 195页
开本: 26cm
丛书名:
单 册:
中图分类: X713
科图分类:
主题词: 饲养场废物--废物处理
电子资源:
ISBN: 978-7-5335-5966-3
000 01163nam0 2200253 45
001 012001000726
005 20140911172621.0
010    @a978-7-5335-5966-3@dCNY39.00
100    @a20200506d2019 em y0chiy50 ea
101 0  @achi
102    @aCN@b350000
105    @ay z 000yy
106    @ar
200 1  @a规模化畜禽养殖废弃物处理技术@Agui mo hua chu qin yang zhi fei qi wu chu li ji shu@b专著@dThe treatment technologies of waste from intensive livestock and poultry breeding@f陈彪著@zeng
210    @a福州@c福建科学技术出版社@d2021.4
215    @a195页@d26cm
300    @a并列题名:Treatment technologies of waste from intensive livestock and poultry breeding
330    @a本书就针对规模化养殖场粪污、废水处理技术及其应用模式进行了阶段性分析,为养殖企业和政府职能部门对养殖污染物治理与利用提供理论与技术支持,以保障养殖废水处理及资源化利用工艺技术的有效实施,为我国养殖业健康发展提供技术支撑。
510 1  @aTreatment technologies of waste from intensive livestock and poultry breeding@zeng
606 0  @a饲养场废物@x废物处理
690    @aX713@v5
701  0 @a陈彪@Achen biao@4著
801  0 @aCN@bBJSDL@c20211011
905    @b1332039-42@dX713@e339@f4
    
    规模化畜禽养殖废弃物处理技术=The treatment technologies of waste from intensive livestock and poultry breeding/陈彪著.-福州:福建科学技术出版社,2021.4
    195页;26cm
    并列题名:Treatment technologies of waste from intensive livestock and poultry breeding
    
    ISBN 978-7-5335-5966-3:CNY39.00
    本书就针对规模化养殖场粪污、废水处理技术及其应用模式进行了阶段性分析,为养殖企业和政府职能部门对养殖污染物治理与利用提供理论与技术支持,以保障养殖废水处理及资源化利用工艺技术的有效实施,为我国养殖业健康发展提供技术支撑。
●
相关链接 在E读中查询图书 在五车中查询图书 在当当中查询图书 在豆瓣中查询图书


正题名:规模化畜禽养殖废弃物处理技术     索取号:X713/339         预约/预借

序号 登录号 条形码 馆藏地/架位号 状态 备注
1 1332039   213320397   第二样本阅览室/ [索取号:X713/339] 在馆    
2 1332040   213320404   第三借阅区/ [索取号:X713/339] 在馆    
3 1332041   213320413   第三借阅区/ [索取号:X713/339] 在馆    
4 1332042   213320422   第三借阅区/ [索取号:X713/339] 在馆    
唐山师范学院图书馆 欢迎您!
大连网信软件有限公司© 版权所有